000 00791namaa22001691 4500
001 173834
003 ES-MaACL
005 20230906215347.0
008 100125s1851 sp |||| | spa d
040 _aSpMaBN
_bspa
_cA2
100 1 _aFernández-Guerra y Orbe, Luis.
_949838
245 1 0 _aMerecer para alcanzar
_b: comedia en tres actos y en verso /
_cpor Luis Fernández Guerra.
260 _aMadrid :
_b[s.n.],
_c1851 (
_fImpr. á cargo de C. Gonzalez)
300 _a64 p. ;
_c17 cm.
500 _aEn port.: Representada por primera vez en el Teatro de la Comedia el día 19 de diciembre de 1850.
852 _aES-MaACL
_jF-8618(8)
_z.- Enc. pasta española
_q.- Falto de la cub. original
_z.- Enc. en un vol. facticio formando parte de la col. facticia "Teatro español moderno", vol. 73
999 _c173834
_d173834